[Event "BCF-chT3 0405 (4NCL)"]
[Site "Telford"]
[Date "2005.05.30"]
[Round "11.7"]
[White "Churm, Rohan"]
[Black "Clarke, Sean A"]
[Result "1-0"]
[WhiteElo "2178"]
[BlackElo "1685"]
[PlyCount "74"]
[EventDate "2004.11.06"]
[EventType "team-tourn"]
[EventRounds "11"]
[EventCountry "ENG"]
[SourceTitle "EXT 2006"]
[Source "ChessBase"]
[SourceDate "2005.11.24"]
[SourceVersion "1"]
[SourceVersionDate "2005.11.24"]
[SourceQuality "1"]
[WhiteTeam "Cambridge"]
[BlackTeam "South County Stars"]
[WhiteTeamCountry "ENG"]
[BlackTeamCountry "ENG"]

1. e4 e5 2. Nf3 Nf6 3. Nxe5 Qe7 4. d4 d6 5. Nf3 Qxe4+ 6. Be2 Bf5 7. c4 Qc2 8. 0-0 Qxd1 9. Bxd1 Nbd7 10. Re1+ Be7 11. Nc3 c6 12. Bf4 d5 13. cxd5 Nxd5 14. Nxd5 cxd5 15. Rc1 Be6 16. Ba4 a6 17. Bxd7+ Bxd7 18. Rc7 Be6 19. Rxb7 Bf6 20. Bd6 Kd8 21. h3 Re8 22. Rc1 Be7 23. Bc7+ Kc8 24. Rb6 Bf6 25. Ne5 Rg8 26. Nd3 Kd7 27. Be5 Bxe5 28. Nxe5+ Ke7 29. Rc7+ Ke8 30. Rcb7 g6 31. Rb8+ Ke7 32. Rxg8 Rxg8 33. Rxa6 Rc8 34. b4 Rc1+ 35. Kh2 f6 36. Nd3 Rd1 37. Nc5 Bxh3 1-0